Best Point Guard On Each Team In The NBA 2024 - Statistics

General Stats
  • This quiz has been taken 143 times
    117 since last reset
  • The average score is 23 of 30
Answer Stats
Team Player % Correct
Atlanta Hawks Trae Young
98%
Boston Celtics Jrue Holiday
91%
Golden State Warriors Stephen Curry
91%
Denver Nuggets Jamal Murray
90%
Dallas Mavericks Luka Doncic
90%
Milwaukee Bucks Damian Lillard
89%
New York Knicks Jalen Brunson
89%
Oklahoma City Thunder Shai Gilgeous-Alexander
89%
Memphis Grizzlies Ja Morant
88%
Charlotte Hornets Lamelo Ball
88%
Indiana Pacers Tyrese Haliburton
88%
Philadelphia 76ers Tyrese Maxey
87%
Los Angeles Lakers D'Angelo Russell
85%
Sacramento Kings De'Aaron Fox
84%
Los Angeles Clippers James Harden
84%
Detroit Pistons Cade Cunningham
82%
Cleveland Cavaliers Darius Garland
80%
Chicago Bulls Coby White
79%
Houston Rockets Fred VanVleet
73%
Minnesota Timberwolves Mike Conley
71%
New Orleans Pelicans CJ McCollum
70%
San Antonio Spurs Tre Jones
62%
Washington Wizards Tyus Jones
62%
Orlando Magic Markelle Fultz
58%
Utah Jazz Collin Sexton
57%
Portland Trail Blazers Scoot Henderson
57%
Miami Heat Terry Rozier
56%
Brooklyn Nets Dennis Schroder
52%
Phoenix Suns Grayson Allen
38%
Toronto Raptors Immanuel Quickley
38%
No matching quizzes found
Score Distribution
Percent of People with Each Score
Percentile by Number Answered
Your Score History
You have not taken this quiz since the last reset